Logic and love, (Record no. 15812)

MARC details
000 -LEADER
fixed length control field 00553cam a22001931 4500
001 - CONTROL NUMBER
control field ca 24000636
003 - CONTROL NUMBER IDENTIFIER
control field DLC
005 - DATE AND TIME OF LATEST TRANSACTION
control field 20260227111112.0
008 - FIXED-LENGTH DATA ELEMENTS--GENERAL INFORMATION
fixed length control field 880725s1924 cauc 000 0 eng
010 ## - LIBRARY OF CONGRESS CONTROL NUMBER
LC control number ca 24000636
035 ## - SYSTEM CONTROL NUMBER
System control number (OCoLC)18265598
040 ## - CATALOGING SOURCE
Original cataloging agency DLC
Transcribing agency RPB
Modifying agency DLC
042 ## - AUTHENTICATION CODE
Authentication code premarc
050 00 - LIBRARY OF CONGRESS CALL NUMBER
Classification number PS3507.A586
Item number L6 1924
100 1# - MAIN ENTRY--PERSONAL NAME
Personal name Danielewicz, Rosa.
245 10 - TITLE STATEMENT
Title Logic and love,
Remainder of title poems of peace
Statement of responsibility, etc. by Rosa Danielewicz.
260 ## - PUBLICATION, DISTRIBUTION, ETC.
Place of publication, distribution, etc. Oakland, Calif.
Name of publisher, distributor, etc. [Triangle Printing Co.]
Date of publication, distribution, etc. 1924.
300 ## - PHYSICAL DESCRIPTION
Extent [42] p., 2 l.
Other physical details front. (port.)
Dimensions 18 cm.

No items available.

Powered by Koha